000 01189nam a2200241Ia 4500
999 _c38960
_d38960
001 5412
003 GE_BSU
005 20190514184046.0
008 181216s1989||||ge |||||||||||||| ||geo||
020 _a5505001726
040 _cGE_BSU
041 _ageo
080 _a658.5-52(075.3) + 681.51+621 ბ-82
100 _aბოკუჩავა, გ.
_91137
245 _aმოქნილი საწარმოო სისტემის ტექნოლოგიური საფუძვლები :
_bდამხმ. სახელმძღ. /
_cგ. ბოკუჩავა, თ. გეგეჭკორი ; რედ. დ. დავითაძე.
264 _aთბილისი :
_bგანათლება,
_c1989.
300 _a168 გვ. :
_bილ. ;
_c22 სმ.
505 _aბიბლიოგრ. : გვ.164.
653 _aმოქნილი საწარმოო სისტემის ტექნოლოგიური საფუძვლები
700 _aგეგეჭკორი, თ.
_eავტორი
_91138
700 _aდავითაძე, დ.
_eრადაქტორი
_91139
942 _cBK
_2udc